Grant Gustin Filmography - Statistics

General Stats
  • This quiz has been taken 38 times
    4 since last reset
  • The average score is 4 of 25
Answer Stats
Type Year Name % Correct
TV Show 2014-2023 The Flash
100%
TV Show 2013-2020 Arrow
67%
TV Show 2019 Batwoman
67%
TV Show 2011-2013 Glee
67%
TV Show 2016-2019 Supergirl
67%
TV Show 2016-2020 DC's Legends of Tomorrow
33%
Film 2023 Puppy Love
33%
TV Show 2013 90210
0%
Film 2014 Affluenza
0%
Documentary Series 2006 A Haunting
0%
Theater 2010 All Shook Up
0%
TV Film 2012 A Mother's Nightmare
0%
TV Show 2012 CSI: Miami
0%
Theater 2024 Gutenberg!
0%
Workout Video 2003 Kid Fitness Jungle Adventure Exercise Video
0%
Film 2017 Krystal
0%
Film 2022 Rescued by Ruby
0%
TV Short 2015 Superhero Fight Club
0%
TV Short 2016 Superhero Fight Club 2.0
0%
TV Show 2012 The Glee Project
0%
Short Film 2018 Tom and Grant
0%
Web Series 2015-2016 Vixen
0%
Film 2017 Vixen: The Movie
0%
Theater 2024 Water for Elephants
0%
Theater 2010-2011 West Side Story
0%
No matching quizzes found
Score Distribution
Percent of People with Each Score
Percentile by Number Answered
Your Score History
You have not taken this quiz since the last reset